Disputed Territories - Statistics

General Stats
  • This quiz has been taken 167 times
  • The average score is 10 of 15
Answer Stats
Disputed Territory Countries % Correct
Falklands Islands United Kingdom | Argentina
99%
Crimea Ukraine | Russia
90%
Kashmir Pakistan | China | India
88%
West Bank and Gaza Strip Israel | Palestine
87%
Nagorno-Karabakh Armenia | Azerbaijan
76%
Hala'ib Triangle Sudan | Egypt
76%
Ceuta, Melilla Spain | Morocco
74%
Guayana Esequiba Venezuela | Guyana
72%
Southern Patagonian Ice Field Chile | Argentina
71%
Kuril Islands Russia | Japan
67%
Spralty Islands Brunei | China | Philippines | Vietnam | Malaysia | Taiwan
60%
Arunachal China | India
51%
Hans Island Denmark | Canada
51%
Lake Constance Germany | Switzerland | Austria
43%
Minerva Reefs Tonga | Fiji
18%
No matching quizzes found
Score Distribution
Percent of People with Each Score
Percentile by Number Answered
Your Score History
You have not taken this quiz